000
00320nam a22001337a 4500
008
170823b xxu||||| |||| 00| 0 eng d
020
_a
9780387904221
041
_a
eng
080
_a
51
100
_a
38
101
_a
MAT
245
_a
COMPLEX MANIFOLDS WITHOUT POTENTIAL THEORY
_c
CHERN.SH.SH
942
_2
udc
_c
BK
999
_c
24718
_d
24718